| 000 | 00741nam a22002415i 4500 | ||
|---|---|---|---|
| 001 | 11253 | ||
| 003 | ES-MaACL | ||
| 005 | 20250907063033.0 | ||
| 007 | t| | ||
| 008 | 921104s1992 sp ||||0| spa j | ||
| 020 | _a84-7100-208-6 (rúst.) | ||
| 080 | _a809.27-087(460)"07/14" | ||
| 100 | 1 |
_aCorriente, Federico, _d1940- _9154914 |
|
| 245 | 1 | 0 |
_aÁrabe andalusí y lenguas romances / _cFederico Corriente. |
| 260 |
_aMadrid : _bMAPFRE, _c[1992] |
||
| 300 |
_a270 p ; _c23 cm. |
||
| 490 | 1 |
_aColección Al-Andalus ; _v1 |
|
| 504 | _aBibliografía: p. [155]-180. | ||
| 650 |
_aLengua árabe- _zAl-Andalus. _9154915 |
||
| 830 | 0 | 0 |
_aColección Al-Andalus _v1 _9178982 |
| 852 |
_aES-MaACL _jL-18615 |
||
| 999 |
_c11253 _d11253 |
||